La segunda servidumbre en Europa central y oriental

-д хадгалсан:
Номзүйн дэлгэрэнгүй
Үндсэн зохиолчид: Skazkin, S. D (Зохиогч), Topolsky, Jerzy (Зохиогч), Nichtweiss, Johannes (Зохиогч), Otetea, A (Зохиогч), Mejdricka, Kveta (Зохиогч), Netchkina, M. V (Зохиогч), Pach, P (Зохиогч)
Формат: Ном
Хэл сонгох:испани
Хэвлэсэн: Madrid Akal 1980
Цуврал:Akal Universitaria. Serie: Historia Medieval, 4
Нөхцлүүд:
Шошгууд: Шошго нэмэх
Шошго байхгүй, Энэхүү баримтыг шошголох эхний хүн болох!

MARC

LEADER 00000nam a2200000 a 4500
001 UCO0282
003 CL-VaPUC
008 000420e19800000SP |||||||||||||||||spa|d
082 0 4 |a 940.2  |b SKA  |2 21 
100 0 |a Skazkin, S. D  |e author  |9 441442 
700 0 |a Topolsky, Jerzy  |e author  |9 441443 
700 0 |a Nichtweiss, Johannes  |e author  |9 441444 
700 0 |a Otetea, A  |e author  |9 441445 
700 0 |a Mejdricka, Kveta  |e author  |9 441446 
700 0 |a Netchkina, M. V  |e author  |9 441447 
700 0 |a Pach, P  |e author  |9 441448 
245 1 3 |a La segunda servidumbre en Europa central y oriental 
300 |a 235 p 
942 |c BK 
945 |d 20000420 00:00:00  |a rherrera 
260 |a Madrid  |b Akal  |c 1980 
650 0 |a Historia de Europa  |9 392003 
650 0 |a Historia moderna  |9 268036 
650 7 |a FEUDALSIMO  |2 CL-VaPUC  |9 440788 
651 0 |a Europa  |9 255156 
583 |a last modification  |c 20000420 00:00:00  |k Rodrigo Vera 
490 0 |a Akal Universitaria. Serie: Historia Medieval, 4 
999 |c 286995  |d 286993 
952 |0 0  |1 0  |4 0  |6 940_200000000000000_SKA_1980  |7 0  |8 A  |9 333365  |a BIBHIS  |b BIBHIS  |d 2019-11-20  |i 1264168  |o 940.2 SKA 1980  |p 1264168  |r 2025-01-20  |w 2019-11-20  |y BK  |k HIS